Insects that live together : (Record no. 8876)

MARC details
000 -LEADER
fixed length control field 01090nam a22002777a 4500
001 - CONTROL NUMBER
control field 8876
003 - CONTROL NUMBER IDENTIFIER
control field FISKH
005 - DATE AND TIME OF LATEST TRANSACTION
control field 20251028100137.0
008 - FIXED-LENGTH DATA ELEMENTS--GENERAL INFORMATION
fixed length control field 251028b cb ||||| |||| 00| 0 eng d
040 ## - CATALOGING SOURCE
Original cataloging agency FISKH
Language of cataloging eng
Transcribing agency FISKH
Modifying agency FISKH
050 ## - LIBRARY OF CONGRESS CALL NUMBER
Classification number PZ10.D274 I
082 ## - DEWEY DECIMAL CLASSIFICATION NUMBER
Classification number 595.7
100 ## - MAIN ENTRY--PERSONAL NAME
Personal name Dempsey, Michael W.
Relator term Author
245 ## - TITLE STATEMENT
Title Insects that live together :
Remainder of title Starting point library /
Statement of responsibility, etc. Michael W. Dempsey and Angela Sheehan
260 ## - PUBLICATION, DISTRIBUTION, ETC.
Place of publication, distribution, etc. New York :
Name of publisher, distributor, etc. World publishing ,
Date of publication, distribution, etc. 1970
300 ## - PHYSICAL DESCRIPTION
Extent 30 pages :
Other physical details color illustrations ;
Dimensions 24 cm
505 ## - FORMATTED CONTENTS NOTE
Formatted contents note N<br/>
520 ## - SUMMARY, ETC.
Summary, etc. A new series, designed to meet the needs of young children for a simple and authoritative introduction to many areas of knowledge. A carefully controlled vocabulary, closely related to the color illustrations in each book, enables the child to gain a basic understanding to each subject.
521 8# - TARGET AUDIENCE NOTE
Target audience note 575<br/>
Source Lexile estimate<br/>
521 8# - TARGET AUDIENCE NOTE
Target audience note N<br/>
Source Raz-Plus<br/>
650 ## - SUBJECT ADDED ENTRY--TOPICAL TERM
Topical term or geographic name entry element Non-fiction
Form subdivision Picture book
650 ## - SUBJECT ADDED ENTRY--TOPICAL TERM
Topical term or geographic name entry element Science
Form subdivision Insects
700 ## - ADDED ENTRY--PERSONAL NAME
Personal name Sheehan, Angela
Relator term Author
942 ## - ADDED ENTRY ELEMENTS (KOHA)
Source of classification or shelving scheme Dewey Decimal Classification
Koha item type Books
Suppress in OPAC No
Holdings
Withdrawn status Lost status Source of classification or shelving scheme Damaged status Not for loan Home library Current library Shelving location Date acquired Total Checkouts Full call number Barcode Date last seen Copy number Price effective from Koha item type
    Dewey Decimal Classification     Footprints International School Library Network Toul Tom Poung Campus Footprints International School Library Network Toul Tom Poung Campus TTP Primary Yellow Bookshelves 10/28/2025   DEM 595.7 PZ10.D274 I FISO5307 10/28/2025 1 10/28/2025 Books